|
|
|
|
| LEADER |
00000nam a22000007a 4500 |
| 005 |
20170527211836.0 |
| 007 |
cr|||| |||| |
| 008 |
170527s2016 mx |||||s|||| 00||0 spa d |
| 020 |
|
|
|a 978-607-8331-61-1
|
| 035 |
|
|
|a 20283
|
| 040 |
|
|
|a vLex
|
| 090 |
|
|
|c 6711
|d 6711
|
| 245 |
0 |
0 |
|a Gua̕s de auditora̕ integral y al desempeǫ
|h [Recurso electrn̤ico] /
|
| 256 |
|
|
|a Servicio en ln̕ea
|
| 260 |
|
|
|a Mx̌ico DF:
|b Instituto Mexicano de Contadores Pb︢licos,
|c 2016
|
| 300 |
|
|
|a 1 recurso electrn̤ico
|
| 500 |
|
|
|a Gracias al rigor metodolg̤ico de sus publicaciones y al estudio exhaustivo de las mejores prc̀ticas nacionales e internacionales en materia de Auditora̕ Integral y al Desempeǫ, la Academia Mexicana de Auditora̕ al Desempeǫ, A.C. (AMDAD), adquiri ̤notoriedad como organismo rector para regular la prc̀tica profesional de ambas disciplinas, en los sectores pb︢lico,privado y social.En esta ocasin̤ se realiza un esfuerzo dirigido a preservar el conocimiento y la difusin̤ del patrimonio normativo de la AMDAD con el props̤ito fundamental de facilitar su anl̀isis y estudio,contar con una adecuada clasificacin̤ y secuencia de los Boletines y Gua̕s, y ofrecer a los investigadores del tema, capacitadores, acadm̌icos y pb︢lico interesado, la informacin̤ necesaria para la prc̀tica profesional de nuestra disciplina de estudio.
|
| 506 |
1 |
|
|a Disponible solo en los productos indicados
|d vLex Global
|d vLex Global (Academic Edition, excluding Law Schools)
|d vLex Global (U.S. Academic Edition, Law Schools)
|d vLex Global (U.S. Academic Edition, excluding Law Schools)
|d vLex Global (Academic Edition, Law Schools)
|
| 650 |
0 |
4 |
|a Derecho Fiscal
|z Mx̌ico
|
| 740 |
0 |
|
|a vLex Libros (Servicio en ln̕ea)
|
| 856 |
4 |
0 |
|u http://vlex.com/source/guias-de-auditoria-integral-y-al-desempe-o-20283
|z Acceso restringido
|
| 942 |
|
|
|c BOOK
|
| 999 |
0 |
|
|a Tax Law
|